000 01204cam a22002892 4500
001 0000004875
005 20151217151943.0
008 070530s xx 000 0 eng d
020 _a0787943916 :
040 _aKABU
_cKABU
050 0 _aRA440.87
_b.T6 1998
245 1 0 _aTo improve health and health care, 1998-1999 :
_bthe Robert Wood Johnson Foundation anthology /
_cStephen L. Isaacs and James R. Knickman, editors; foreword by Stephen A. Schroeder.
260 _aSan Francisco :
_bJossey-Bass Publishers,
_c1998.
300 _axxii, 25423 p.
610 2 0 _aRobert Wood Johnson Foundation.
_@0000155781
650 0 _aPublic health
_xresearch grants
_zUnited States.
_@0000155782
650 0 _aMedicine
_xResearch grants
_zUnited States.
_@0000155783
700 1 _aIsaacs, Stephen L.
_@0000155784
700 1 _aKnickman, James.
_@0000155785
908 _a070530
950 _@1
999 _c6696
_d6696